000 00724cam a2200229u 4500
001 50736
003 BD-RjUL
005 20211209075545.0
008 160828m1940 ii a 000 0 eng
035 _a(BD-RjUL)50856
040 _aDLC
_cCarP
_dDLC
_beng
041 _aeng
082 _223
_a330.954
_bOFF 1946
110 1 _aIndia.
_bOffice of the economic adviser. [from old catalog]
_9151900
245 1 0 _a Office of the economic adviser to the government of India /
260 _aDelhi :
_bThe Manager of publications,
_c1946
300 _a621 P. :
_bill. ;
_c29 cm.
651 0 _aIndia
_xEconomic conditions.
_9151901
740 0 _aAspects of Indian social economics.
942 _2ddc
_cBK
999 _c50736
_d50736